[Event "17. European Women's Championship 2016"]
[Site "Mamaia ROU"]
[Date "2016.06.07"]
[Round "11.14"]
[White "Isgandarova, Khayala"]
[Black "Daulyte, Deimante"]
[Result "0-1"]
[WhiteElo "2193"]
[BlackElo "2392"]
[PlyCount "120"]
[EventDate "2016.05.27"]
[EventType "swiss"]
[EventRounds "11"]
[EventCountry "ROU"]
[Source "lmi"]
[SourceDate "2016.05.26"]

1. e4 e5 2. Nf3 Nc6 3. Bb5 a6 4. Ba4 Nf6 5. O-O Nxe4 6. d4 b5 7. Bb3 d5 8. dxe5
Be6 9. Nbd2 Nc5 10. c3 Be7 11. Bc2 d4 12. cxd4 Nxd4 13. Nxd4 Qxd4 14. Nf3 Qxd1
15. Rxd1 O-O 16. Nd4 Rfd8 17. Nc6 Rxd1+ 18. Bxd1 Bf8 19. Bf3 Re8 20. Be3 Nd3
21. b3 Bf5 22. Bd4 g5 23. Be2 Nf4 24. Re1 Nxe2+ 25. Rxe2 Bd7 26. Na5 Bb4 27.
Nb7 Bc8 28. Bc5 Bc3 29. Re3 Rxe5 30. Rxe5 Bxe5 31. Na5 Bd7 32. Be3 f6 33. Nb7
Bc6 34. Nc5 a5 35. f3 Kf7 36. Kf2 Ke7 37. g3 Kd6 38. f4 gxf4 39. gxf4 Bb2 40.
f5 Be5 41. h4 Kd5 42. Kf3 Bd4 43. Ne6 Kd6+ 44. Kf4 Bxe3+ 45. Kxe3 Bd7 46. Nd8
Bxf5 47. Nb7+ Kc6 48. Nxa5+ Kb6 49. b4 Be6 50. Nb3 Bxb3 51. axb3 c5 52. bxc5+
Kxc5 53. Kf4 Kb4 54. Kf5 Kxb3 55. h5 b4 56. h6 Kc4 57. Kxf6 b3 58. Kg7 b2 59.
Kxh7 b1=Q+ 60. Kh8 Qf5 0-1

[Event "17. European Women's Championship 2016"]
[Site "Mamaia ROU"]
[Date "2016.06.07"]
[Round "11.15"]
[White "Ionescu, Irina"]
[Black "Houska, Jovanka"]
[Result "0-1"]
[WhiteElo "2181"]
[BlackElo "2383"]
[PlyCount "118"]
[EventDate "2016.05.27"]
[EventType "swiss"]
[EventRounds "11"]
[EventCountry "ROU"]
[Source "lmi"]
[SourceDate "2016.05.26"]

1. d4 d5 2. c4 e6 3. Nf3 Nf6 4. Nc3 Nbd7 5. e3 Be7 6. cxd5 exd5 7. Bd3 c6 8.
O-O O-O 9. Bd2 Re8 10. Qc2 Nf8 11. h3 Bd6 12. a3 a5 13. e4 dxe4 14. Nxe4 Nxe4
15. Bxe4 Be7 16. b4 a4 17. Rfe1 Be6 18. b5 cxb5 19. Bxb7 Rb8 20. Bc6 Qc7 21.
Be4 Qxc2 22. Bxc2 Bd6 23. Be4 Bb3 24. Bc6 Rxe1+ 25. Bxe1 Ne6 26. g3 g6 27. Ba5
Bc4 28. d5 Nd8 29. Nd4 Nxc6 30. dxc6 Rc8 31. Rd1 Be5 32. Nf3 Bc7 33. Bxc7 Rxc7
34. Ne5 Kf8 35. Rd4 Be6 36. Rb4 f6 37. Ng4 Rxc6 38. Rxb5 Bd7 39. Rb1 h5 40. Ne3
Bxh3 41. Rb8+ Ke7 42. Nd5+ Kd6 43. Nxf6 Rc1+ 44. Kh2 Bf5 45. Rb4 Ke5 46. g4 Be6
47. Ne4 Bxg4 48. Rxa4 Bf3 49. Ng3 Ra1 50. Ra5+ Kf6 51. Ra6+ Kg7 52. Ra4 Kh6 53.
Rf4 Rxa3 54. Nf1 g5 55. Rf8 Kg7 56. Re8 Ra1 57. Nd2 Bc6 58. Re6 Rh1+ 59. Kg3
h4+ 0-1

[Event "17. European Women's Championship 2016"]
[Site "Mamaia ROU"]
[Date "2016.06.07"]
[Round "11.16"]
[White "Arakhamia-Grant, Ketevan"]
[Black "Hojjatova, Aydan"]
[Result "1-0"]
[WhiteElo "2364"]
[BlackElo "2300"]
[PlyCount "159"]
[EventDate "2016.05.27"]
[EventType "swiss"]
[EventRounds "11"]
[EventCountry "ROU"]
[Source "lmi"]
[SourceDate "2016.05.26"]

1. e4 e6 2. d4 d5 3. Nc3 Bb4 4. e5 c5 5. a3 Bxc3+ 6. bxc3 Qa5 7. Bd2 Qa4 8. Qg4
Kf8 9. Qd1 b6 10. Nf3 Ba6 11. Bxa6 Nxa6 12. O-O c4 13. Nh4 Ne7 14. g4 Ng6 15.
Ng2 Ne7 16. f4 g6 17. Ne3 Ke8 18. f5 Nc7 19. fxe6 fxe6 20. Qf3 Kd7 21. Qf4 Rag8
22. Qh6 Ke8 23. Rf6 Nc6 24. Qf4 Nd8 25. Be1 Kd7 26. Qf3 Kc8 27. Qe2 Ne8 28. Rf1
Rf8 29. Bh4 Kd7 30. Bg5 Nf7 31. Bh4 g5 32. Bg3 Nd8 33. Rf2 Ke7 34. h4 Rxf2 35.
Bxf2 h6 36. Qd2 Nf7 37. h5 Rf8 38. Bg3 Nd8 39. Kg2 Nc7 40. Qc1 Rf7 41. Qd2 Rf8
42. Nf1 Nf7 43. Nh2 Nb5 44. Nf3 Kd7 45. Bf2 Rg8 46. Ng1 Rf8 47. Be3 Ke7 48. Ne2
Kd7 49. Qc1 Nc7 50. Kg3 Ke7 51. Rb1 Na6 52. Ng1 Kd7 53. Nf3 Rg8 54. Qb2 Nc7 55.
Rf1 Ke7 56. Ng1 Nb5 57. Ne2 Rf8 58. Rb1 Nc7 59. Qc1 Na6 60. Qb2 Nc7 61. Qb4+
Qxb4 62. cxb4 b5 63. a4 a6 64. Ra1 Rb8 65. Nc3 Kd7 66. Rf1 Ke7 67. Bc1 Rb7 68.
Rf6 Ke8 69. Bd2 Rb8 70. Rg6 Kf8 71. Kf3 Rb7 72. Ke2 Rb8 73. Kf2 Rb7 74. Kg3 Rb8
75. a5 Rb7 76. Ne2 Rb8 77. Ng1 Re8 78. Nf3 Re7 79. c3 Ne8 80. Bc1 1-0

[Event "17. European Women's Championship 2016"]
[Site "Mamaia ROU"]
[Date "2016.06.07"]
[Round "11.17"]
[White "Bulmaga, Irina"]
[Black "Gara, Anita"]
[Result "1-0"]
[WhiteElo "2360"]
[BlackElo "2345"]
[PlyCount "157"]
[EventDate "2016.05.27"]
[EventType "swiss"]
[EventRounds "11"]
[EventCountry "ROU"]
[Source "lmi"]
[SourceDate "2016.05.26"]

1. e4 c5 2. Be2 Nc6 3. f4 g6 4. Nf3 Bg7 5. O-O d6 6. c3 Nf6 7. d3 O-O 8. Kh1
Rb8 9. Be3 b5 10. Nbd2 b4 11. d4 bxc3 12. bxc3 Qa5 13. Qc1 cxd4 14. cxd4 Bd7
15. a3 Ng4 16. Bg1 Rfc8 17. Qe1 Qc3 18. Nc4 Qxe1 19. Raxe1 Nd8 20. d5 Rc7 21.
Nfd2 Nf6 22. Rb1 Rbc8 23. Ne3 Ne8 24. Ba6 Ra8 25. Nec4 Bc8 26. Bb5 Nf6 27. Na5
Bd7 28. Bc4 Ba4 29. Rfc1 Rac8 30. Rb4 Be8 31. Rcb1 Nd7 32. Ba6 Ra8 33. Rc4 Nc5
34. Bxc5 dxc5 35. e5 f6 36. e6 f5 37. Nf3 g5 38. Nxg5 Bh5 39. Nf3 Bxf3 40. gxf3
Bd4 41. Kg2 Kg7 42. Kf1 Kf6 43. Ke2 Nxe6 44. dxe6 Rg8 45. Kd3 Rd8 46. Rb7 Rxb7
47. Nxb7 Rd5 48. Ke2 Kxe6 49. Ra4 Rd7 50. Bc4+ Kf6 51. Ra6+ Kg7 52. Na5 Bc3 53.
Nb3 e5 54. fxe5 Bxe5 55. Nxc5 Rd6 56. Rxa7+ Kg6 57. Ne6 Bxh2 58. Nf8+ Kg5 59.
Rxh7 Be5 60. Rd7 Rh6 61. Ne6+ Kf6 62. Ke3 Rh4 63. Bb3 Rh2 64. Nf8 Bb2 65. Rf7+
Ke5 66. Ng6+ Kd6 67. a4 Rg2 68. Ne7 f4+ 69. Kxf4 Be5+ 70. Kf5 Bc3 71. Nc8+ Kc5
72. Rc7+ Kb4 73. Rb7+ Ka3 74. Bd1 Bb4 75. Nb6 Bc3 76. Nc4+ Ka2 77. Bb3+ Ka1 78.
Rd7 Rg1 79. Rd1+ 1-0

[Event "17. European Women's Championship 2016"]
[Site "Mamaia ROU"]
[Date "2016.06.07"]
[Round "11.18"]
[White "Osmak, Iulija"]
[Black "Batsiashvili, Nino"]
[Result "1/2-1/2"]
[WhiteElo "2345"]
[BlackElo "2476"]
[PlyCount "88"]
[EventDate "2016.05.27"]
[EventType "swiss"]
[EventRounds "11"]
[EventCountry "ROU"]
[Source "lmi"]
[SourceDate "2016.05.26"]

1. e4 e5 2. Nf3 Nc6 3. Bb5 a6 4. Ba4 Nf6 5. O-O Be7 6. Re1 b5 7. Bb3 O-O 8. a4
b4 9. d4 d6 10. dxe5 dxe5 11. Nbd2 Bc5 12. Qe2 Qe7 13. a5 Rd8 14. h3 h6 15. Bc4
Bb7 16. c3 bxc3 17. bxc3 Nh5 18. Nb3 Ba7 19. Ng5 Nf4 20. Bxf4 hxg5 21. Bc1 Bc8
22. Bd5 Qf6 23. Be3 Rb8 24. Qc4 Be6 25. Qxa6 Bxe3 26. Rxe3 Bxd5 27. exd5 Rxd5
28. c4 Rdd8 29. Nc5 Ra8 30. Qb5 Nd4 31. Qb2 Qc6 32. Nd3 f6 33. c5 Rdb8 34. Qa2+
Qe6 35. Qxe6+ Nxe6 36. a6 Rb3 37. Ra5 Ra7 38. Kh2 c6 39. Nxe5 Rxe3 40. Nxc6
Rxa6 41. Rxa6 Rc3 42. Nb4 Nxc5 43. Rc6 Ne4 44. Rxc3 Nxc3 1/2-1/2

[Event "17. European Women's Championship 2016"]
[Site "Mamaia ROU"]
[Date "2016.06.07"]
[Round "11.19"]
[White "Babiy, Olga"]
[Black "Nechaeva, Marina"]
[Result "1-0"]
[WhiteElo "2337"]
[BlackElo "2416"]
[PlyCount "63"]
[EventDate "2016.05.27"]
[EventType "swiss"]
[EventRounds "11"]
[EventCountry "ROU"]
[Source "lmi"]
[SourceDate "2016.05.26"]

1. e4 c6 2. d4 d5 3. Nc3 dxe4 4. Nxe4 Bf5 5. Nc5 Nd7 6. Bd3 Nxc5 7. Bxf5 Qd5 8.
Bh3 Rd8 9. Nf3 Nf6 10. Qe2 Nce4 11. O-O Qh5 12. Re1 Rg8 13. c3 g5 14. Ne5 g4
15. Nxg4 Nxg4 16. Qxe4 Rd6 17. Qf3 Rd5 18. Re4 f5 19. Re1 Bg7 20. Bf4 Bf6 21.
Re2 Qf7 22. Rae1 h5 23. Qd3 h4 24. f3 Qh5 25. Re6 Kd8 26. Qe2 Rg7 27. fxg4 fxg4
28. Rxf6 exf6 29. Bxg4 Qh8 30. Qe6 Rgd7 31. Qe4 Rf7 32. Bf5 1-0

[Event "17. European Women's Championship 2016"]
[Site "Mamaia ROU"]
[Date "2016.06.07"]
[Round "11.21"]
[White "Charochkina, Daria"]
[Black "Manakova, Maria"]
[Result "1/2-1/2"]
[WhiteElo "2362"]
[BlackElo "2254"]
[PlyCount "156"]
[EventDate "2016.05.27"]
[EventType "swiss"]
[EventRounds "11"]
[EventCountry "ROU"]
[Source "lmi"]
[SourceDate "2016.05.26"]

1. Nf3 Nf6 2. g3 g6 3. Bg2 Bg7 4. O-O O-O 5. d4 d5 6. Nbd2 c5 7. dxc5 Na6 8.
Nb3 e6 9. Ne5 Ne4 10. Nd3 Qe7 11. Be3 Rd8 12. Qc1 Bd7 13. f3 Nf6 14. Bg5 Ba4
15. e4 dxe4 16. fxe4 e5 17. Qe3 h6 18. Bxf6 Bxf6 19. Qxh6 Bxb3 20. axb3 Nxc5
21. Rxf6 Nxd3 22. Rf3 Qc5+ 23. Qe3 Qxe3+ 24. Rxe3 Nxb2 25. Bf1 a6 26. Rb1 Nd1
27. Rf3 Rac8 28. Bd3 Nc3 29. Rbf1 f5 30. Bc4+ Rxc4 31. bxc4 Nxe4 32. Rd3 Rc8
33. Rb1 Rc7 34. Rb6 Kg7 35. Rd8 Rxc4 36. Rxb7+ Kh6 37. Rb2 Rc5 38. Kg2 Kg5 39.
Kf3 Rc3+ 40. Rd3 Rc4 41. Ra3 Nc3 42. h4+ Kh5 43. Rb7 e4+ 44. Kg2 Nd1 45. c3 a5
46. Rd7 Ne3+ 47. Kf2 Ng4+ 48. Ke2 Nh2 49. Kf2 Ng4+ 50. Kg2 Ne3+ 51. Kh3 g5 52.
Rg7 gxh4 53. gxh4 a4 54. Rh7+ Kg6 55. Ra7 Nc2 56. R3xa4 Rxc3+ 57. Kh2 Ne3 58.
Ra3 Ng4+ 59. Kg2 Rxa3 60. Rxa3 e3 61. Kg3 Nf6 62. Ra6 Kf7 63. Kf3 Ng4 64. Kg3
Kg7 65. Kf4 Kf7 66. Kxf5 e2 67. Ra7+ Kf8 68. Ra1 Ne3+ 69. Kf6 Nd5+ 70. Kg5 Nc3
71. Re1 Kg7 72. h5 Kh7 73. Ra1 Ne4+ 74. Kh4 Nd2 75. Kg4 Ne4 76. Re1 Nc3 77. Kg5
Ne4+ 78. Kh4 Nc3 1/2-1/2

[Event "17. European Women's Championship 2016"]
[Site "Mamaia ROU"]
[Date "2016.06.07"]
[Round "11.22"]
[White "Nikolova, Adriana"]
[Black "Zimina, Olga"]
[Result "1/2-1/2"]
[WhiteElo "2331"]
[BlackElo "2361"]
[PlyCount "24"]
[EventDate "2016.05.27"]
[EventType "swiss"]
[EventRounds "11"]
[EventCountry "ROU"]
[Source "lmi"]
[SourceDate "2016.05.26"]

1. e4 e5 2. Nf3 Nc6 3. Bb5 Nf6 4. O-O Nxe4 5. d4 Nd6 6. Bxc6 dxc6 7. dxe5 Nf5
8. Qxd8+ Kxd8 9. Nc3 Be6 10. b3 h6 11. Bb2 Kc8 12. h3 b6 1/2-1/2

[Event "17. European Women's Championship 2016"]
[Site "Mamaia ROU"]
[Date "2016.06.07"]
[Round "11.23"]
[White "Gara, Ticia"]
[Black "Pavlidou, Ekaterini"]
[Result "1-0"]
[WhiteElo "2352"]
[BlackElo "2209"]
[PlyCount "103"]
[EventDate "2016.05.27"]
[EventType "swiss"]
[EventRounds "11"]
[EventCountry "ROU"]
[Source "lmi"]
[SourceDate "2016.05.26"]

1. e4 c5 2. Nf3 g6 3. d4 cxd4 4. Nxd4 Bg7 5. c4 Nc6 6. Be3 Nf6 7. Nc3 O-O 8.
Be2 d6 9. O-O Bd7 10. Re1 Nxd4 11. Bxd4 Bc6 12. Bd3 Nd7 13. Bxg7 Kxg7 14. Qd2
a5 15. Re3 h6 16. Nd5 e6 17. Nc3 Qg5 18. Be2 Rfd8 19. Rd1 Nc5 20. g3 e5 21. h4
Qe7 22. Bg4 Ra6 23. b3 h5 24. Bh3 Qc7 25. Qc2 Qb6 26. Rb1 Qb4 27. Qc1 Qb6 28.
Qb2 Ne6 29. Bxe6 fxe6 30. Qd2 Be8 31. Rf3 Rd7 32. Rd1 Rf7 33. Rd3 Qc5 34. Kg2
a4 35. f3 axb3 36. axb3 Qb4 37. Ne2 Qxd2 38. R1xd2 Ra3 39. Rxd6 Rxb3 40. Rxe6
Bc6 41. Ng1 Rc3 42. Rxe5 Rxc4 43. Nh3 b5 44. Nf4 Ra7 45. Rg5 Be8 46. Nxh5+ Kh6
47. Nf6 Bc6 48. Ng4+ Kh7 49. Ne5 Rc5 50. Nxc6 Rxc6 51. Rxb5 Rc3 52. h5 1-0

[Event "17. European Women's Championship 2016"]
[Site "Mamaia ROU"]
[Date "2016.06.07"]
[Round "11.24"]
[White "Lomineishvili, Maia"]
[Black "Osmanodja, Filiz"]
[Result "0-1"]
[WhiteElo "2367"]
[BlackElo "2296"]
[PlyCount "106"]
[EventDate "2016.05.27"]
[EventType "swiss"]
[EventRounds "11"]
[EventCountry "ROU"]
[Source "lmi"]
[SourceDate "2016.05.26"]

1. d4 Nf6 2. c4 e6 3. Nc3 Bb4 4. Qc2 O-O 5. e4 d6 6. a3 Bxc3+ 7. bxc3 e5 8. Bd3
c5 9. d5 Nh5 10. Ne2 Qh4 11. O-O Nd7 12. f3 Nf4 13. Bxf4 exf4 14. Qd2 Ne5 15.
Nxf4 Qg5 16. Ra2 b6 17. g3 Re8 18. Ng2 Qh5 19. Be2 f5 20. f4 Ng4 21. Bxg4 Qxg4
22. Ne3 Qg6 23. exf5 Bxf5 24. a4 Bd3 25. f5 Qg5 26. Rf4 Re4 27. Rxe4 Bxe4 28.
Qf2 Rf8 29. h4 Qf6 30. Qf4 Bd3 31. Ra3 Qe7 32. a5 bxa5 33. Rxa5 Re8 34. Ng2 Rb8
35. Ra2 Rb1+ 36. Kh2 Rf1 37. Rf2 Rxf2 38. Qxf2 Qe2 39. Kg1 a5 40. Nf4 Qxf2+ 41.
Kxf2 Bxf5 42. Ke3 a4 43. Kd2 a3 44. Kc1 Kf7 45. Ng2 Kf6 46. Ne3 Bd3 47. Ng2 g6
48. Ne3 h5 49. Ng2 g5 50. hxg5+ Kxg5 51. Ne3 Be4 52. Nd1 Kg4 53. Nf2+ Kf3 0-1

[Event "17. European Women's Championship 2016"]
[Site "Mamaia ROU"]
[Date "2016.06.07"]
[Round "11.25"]
[White "Mamedjarova, Zeinab"]
[Black "Arabidze, Meri"]
[Result "1/2-1/2"]
[WhiteElo "2236"]
[BlackElo "2363"]
[PlyCount "103"]
[EventDate "2016.05.27"]
[EventType "swiss"]
[EventRounds "11"]
[EventCountry "ROU"]
[Source "lmi"]
[SourceDate "2016.05.26"]

1. Nf3 f5 2. d3 Nc6 3. e4 e5 4. exf5 d6 5. d4 Bxf5 6. Bb5 exd4 7. Nxd4 Bd7 8.
O-O Nf6 9. Re1+ Be7 10. Ne6 Bxe6 11. Rxe6 O-O 12. Nc3 Kh8 13. Bg5 Ng8 14. Bxe7
Ngxe7 15. Qd2 Nf5 16. Re4 Ne5 17. Rae1 Qf6 18. f4 Nc6 19. b3 Rac8 20. Nd5 Qh4
21. c3 Qg4 22. Qe2 Qh4 23. g3 Qh6 24. Bd3 Qh3 25. b4 a6 26. a4 Nh6 27. Qg2 Qf5
28. R4e3 Qh5 29. h3 Nf5 30. Bxf5 Qxf5 31. b5 axb5 32. axb5 Na5 33. g4 Qd7 34.
Qe2 Qd8 35. c4 c6 36. Ne7 Ra8 37. Nf5 Qf6 38. Qd3 Rad8 39. Re6 Qb2 40. Nxd6 Kg8
41. f5 Qb4 42. R1e5 Rxd6 43. Rxd6 Nxc4 44. Rde6 Nxe5 45. Rxe5 h6 46. bxc6 bxc6
47. Re2 Kh8 48. Qd7 c5 49. Qd6 Kg8 50. Kh2 Qb8 51. Qxb8 Rxb8 52. Rc2 1/2-1/2

[Event "17. European Women's Championship 2016"]
[Site "Mamaia ROU"]
[Date "2016.06.07"]
[Round "11.27"]
[White "Brunello, Marina"]
[Black "Mamedjarova, Turkan"]
[Result "1/2-1/2"]
[WhiteElo "2336"]
[BlackElo "2257"]
[PlyCount "89"]
[EventDate "2016.05.27"]
[EventType "swiss"]
[EventRounds "11"]
[EventCountry "ROU"]
[Source "lmi"]
[SourceDate "2016.05.26"]

1. e4 e5 2. Nf3 Nc6 3. Bc4 Bc5 4. c3 Nf6 5. d3 d6 6. Bb3 a6 7. h3 h6 8. Nbd2
O-O 9. Nf1 Nh5 10. Be3 Qf6 11. g3 Be6 12. Nh4 Nf4 13. gxf4 Qxh4 14. f5 Bxb3 15.
axb3 Rad8 16. Qf3 Kh8 17. Rg1 Bxe3 18. Nxe3 Ne7 19. Rg4 Qf6 20. h4 c6 21. Rg5
Ng8 22. Rg3 d5 23. exd5 cxd5 24. Nxd5 Qxh4 25. O-O-O Rd6 26. Rdg1 Nf6 27. Rh3
Qxh3 28. Qxh3 Rxd5 29. c4 Rd4 30. Qe3 Re8 31. Kc2 Rf4 32. Rg2 Rxf5 33. Qb6 Re7
34. Qd8+ Ng8 35. d4 exd4 36. Qxd4 Rfe5 37. Rg3 Nf6 38. f4 Re2+ 39. Kb1 Rd7 40.
Qc5 Rd8 41. Qc7 Rdd2 42. Qxf7 Rxb2+ 43. Kc1 Rbc2+ 44. Kb1 Rb2+ 45. Kc1 1/2-1/2

[Event "17. European Women's Championship 2016"]
[Site "Mamaia ROU"]
[Date "2016.06.07"]
[Round "11.28"]
[White "Ovod, Evgenija"]
[Black "Drozdova, Dina"]
[Result "1/2-1/2"]
[WhiteElo "2329"]
[BlackElo "2235"]
[PlyCount "93"]
[EventDate "2016.05.27"]
[EventType "swiss"]
[EventRounds "11"]
[EventCountry "ROU"]
[Source "lmi"]
[SourceDate "2016.05.26"]

1. d4 g6 2. e4 Bg7 3. c3 d6 4. Bd3 Nf6 5. Nf3 O-O 6. O-O Nbd7 7. Nbd2 e5 8. Re1
b6 9. a4 a6 10. Bf1 Bb7 11. d5 Qe7 12. b4 c6 13. c4 a5 14. bxa5 Rxa5 15. Nb3
Raa8 16. a5 cxd5 17. cxd5 bxa5 18. Rxa5 Rxa5 19. Nxa5 Nc5 20. Nd2 Ra8 21. Nab3
Na4 22. Nb1 Qc7 23. f3 Nd7 24. Be3 Rc8 25. Bb5 Ndc5 26. Nxc5 Nxc5 27. Nd2 f5
28. Qe2 Nd7 29. Nb3 Nf6 30. Rc1 Qf7 31. Rxc8+ Bxc8 32. Qc4 Bd7 33. Bxd7 Qxd7
34. h3 fxe4 35. fxe4 Qb7 36. Nd2 h6 37. g4 Bf8 38. Kg2 Bg7 39. Kf3 Bf8 40. Ke2
Bg7 41. Kd3 Bf8 42. Kc3 Qa8 43. Kd3 Qb7 44. Qc6 Qb4 45. Qb6 Qa4 46. Qb7 Qa3+
47. Qb3 1/2-1/2

[Event "17. European Women's Championship 2016"]
[Site "Mamaia ROU"]
[Date "2016.06.07"]
[Round "11.29"]
[White "Mammadova, Gulnar"]
[Black "Unuk, Laura"]
[Result "1/2-1/2"]
[WhiteElo "2319"]
[BlackElo "2246"]
[PlyCount "156"]
[EventDate "2016.05.27"]
[EventType "swiss"]
[EventRounds "11"]
[EventCountry "ROU"]
[Source "lmi"]
[SourceDate "2016.05.26"]

1. c4 Nf6 2. Nc3 e6 3. e4 d5 4. e5 d4 5. exf6 dxc3 6. bxc3 Qxf6 7. Nf3 e5 8.
Bd3 Nd7 9. Bc2 Nb6 10. Qe2 Bg4 11. Qxe5+ Be7 12. Qxf6 Bxf6 13. c5 Nd7 14. Rb1
O-O-O 15. d4 Rhe8+ 16. Be3 b6 17. cxb6 Nxb6 18. Bb3 c5 19. O-O Bxf3 20. gxf3
cxd4 21. cxd4 Bxd4 22. Bxf7 Rf8 23. Be6+ Kb7 24. Bxd4 Rxd4 25. Rb3 Rf6 26. Re1
Kc7 27. Bg8 Rg6+ 28. Kf1 Rh6 29. Ra3 Kb8 30. Re8+ Kb7 31. Re7+ Rd7 32. Bd5+ Kb8
33. Re8+ Kc7 34. Rc3+ Kd6 35. Be4 Nd5 36. Bxd5 Kxd5 37. Rd3+ Kc6 38. Rc8+ Kb7
39. Rxd7+ Kxc8 40. Rxa7 Rxh2 41. Rxg7 Rh4 42. Rg4 Rh5 43. a4 Ra5 44. Rd4 h5 45.
Kg2 Rg5+ 46. Kh3 Kc7 47. Kh4 Rf5 48. f4 Kc6 49. Kg3 Ra5 50. f3 Kc5 51. Re4 Kd6
52. Kf2 Kd7 53. Ke3 Kd6 54. Rb4 Ke6 55. f5+ Kf6 56. Rb6+ Kf7 57. Kf4 Rxa4+ 58.
Kg5 Ra3 59. Rb7+ Kf8 60. Kg6 Rxf3 61. Kf6 Kg8 62. Rb8+ Kh7 63. Rb5 Kg8 64. Rb8+
Kh7 65. Rb7+ Kg8 66. Rg7+ Kf8 67. Rh7 Kg8 68. Rxh5 Rf1 69. Rh2 Rf3 70. Rg2+ Kf8
71. Ra2 Kg8 72. Ra8+ Kh7 73. Rd8 Rf1 74. Rd2 Kg8 75. Ra2 Rf3 76. Rb2 Rf1 77.
Rb8+ Kh7 78. Re8 Rf2 1/2-1/2

[Event "17. European Women's Championship 2016"]
[Site "Mamaia ROU"]
[Date "2016.06.07"]
[Round "11.30"]
[White "Yildiz, Betul Cemre"]
[Black "Kiolbasa, Oliwia"]
[Result "0-1"]
[WhiteElo "2312"]
[BlackElo "2319"]
[PlyCount "112"]
[EventDate "2016.05.27"]
[EventType "swiss"]
[EventRounds "11"]
[EventCountry "ROU"]
[Source "lmi"]
[SourceDate "2016.05.26"]

1. d4 d5 2. Nf3 Nf6 3. c4 c6 4. e3 g6 5. Nc3 Bg7 6. Bd3 O-O 7. O-O dxc4 8. Bxc4
Nbd7 9. a4 Nb6 10. Be2 Nbd5 11. a5 c5 12. Qb3 cxd4 13. Nxd5 Nxd5 14. Nxd4 e5
15. Nf3 Be6 16. Qxb7 Qd6 17. Ng5 a6 18. Ne4 Qd8 19. Nc5 Nc7 20. Nxe6 Nxe6 21.
Qc6 Qe7 22. Bxa6 Nc5 23. Bc4 Rfc8 24. Qf3 e4 25. Qe2 Be5 26. Ra2 Qc7 27. f4
exf3 28. Qxf3 Ne6 29. Bd5 Bxh2+ 30. Kh1 Ra7 31. b4 Be5 32. Bd2 Qd7 33. e4 Nd4
34. Qh3 Qd8 35. Be3 Rc3 36. Raf2 Nf5 37. exf5 Qxd5 38. fxg6 hxg6 39. Rf3 Rb7
40. Bb6 Qc4 41. Rd1 Rc1 42. Rfd3 Rb8 43. Bc5 Re8 44. Qd7 Qh4+ 45. Rh3 Rxd1+ 46.
Qxd1 Rd8 47. Qe2 Qf4 48. Bg1 Bd6 49. b5 Qg5 50. a6 Bc5 51. a7 Qc1 52. Re3 Kg7
53. Qe1 Rh8+ 54. Bh2 Qxe3 55. Qa1+ Bd4 56. a8=Q Rxa8 0-1

[Event "17. European Women's Championship 2016"]
[Site "Mamaia ROU"]
[Date "2016.06.07"]
[Round "11.31"]
[White "Mammadzada, Gunay"]
[Black "Khalafova, Narmin"]
[Result "1/2-1/2"]
[WhiteElo "2318"]
[BlackElo "2193"]
[PlyCount "117"]
[EventDate "2016.05.27"]
[EventType "swiss"]
[EventRounds "11"]
[EventCountry "ROU"]
[Source "lmi"]
[SourceDate "2016.05.26"]

1. e4 c5 2. Nf3 d6 3. d4 cxd4 4. Nxd4 Nf6 5. Nc3 a6 6. Be3 Ng4 7. Bg5 h6 8. Bh4
g5 9. Bg3 Bg7 10. Be2 h5 11. Bxg4 hxg4 12. Nd5 Nc6 13. Nf5 Bxf5 14. exf5 Bxb2
15. Rb1 Qa5+ 16. Qd2 Bf6 17. Qxa5 Nxa5 18. Nc7+ Kd7 19. Nxa8 Rxa8 20. Kd1 b5
21. h3 gxh3 22. Rxh3 Rc8 23. Bh2 Nc4 24. g4 Rc5 25. Kc1 a5 26. Rbb3 a4 27. Rbd3
b4 28. f4 Na5 29. Kd1 Rc4 30. Rh5 gxf4 31. g5 Be5 32. g6 Ke8 33. g7 Bxg7 34. f6
Bxf6 35. Rxa5 a3 36. Rf5 Be5 37. Rf3 Rd4+ 38. Ke2 Rc4 39. Kd1 Rd4+ 40. Ke1 Rc4
41. Rf2 Bc3+ 42. Kf1 e5 43. Re2 Rd4 44. Bxf4 Rd1+ 45. Kf2 Ra1 46. Bd2 Bxd2 47.
Rxd2 Rxa2 48. Ke2 Rb2 49. Rxd6 Rxc2+ 50. Rd2 Rc5 51. Rf3 Ke7 52. Rb3 Rc4 53.
Rd5 Ke6 54. Rb5 Rc1 55. Ra5 Rc4 56. Rb5 Rc1 57. Ra5 Rc4 58. Ra4 Kf5 59. Rbxb4
1/2-1/2

[Event "17. European Women's Championship 2016"]
[Site "Mamaia ROU"]
[Date "2016.06.07"]
[Round "11.32"]
[White "Belenkaya, Dina"]
[Black "Zaksaite, Salomeja"]
[Result "0-1"]
[WhiteElo "2289"]
[BlackElo "2312"]
[PlyCount "74"]
[EventDate "2016.05.27"]
[EventType "swiss"]
[EventRounds "11"]
[EventCountry "ROU"]
[Source "lmi"]
[SourceDate "2016.05.26"]

1. e4 e5 2. Nf3 Nc6 3. Nc3 Bc5 4. Bb5 Nge7 5. O-O a6 6. Ba4 O-O 7. Nxe5 Nxe5 8.
d4 Bxd4 9. Qxd4 d6 10. Qd1 c5 11. f4 Ng4 12. h3 Nf6 13. Bb3 Qc7 14. Qe2 Re8 15.
a4 Nf5 16. Qd3 Nd4 17. Nd5 Nxd5 18. Bxd5 Bd7 19. b4 Bc6 20. Bb2 Bxd5 21. exd5
Ne2+ 22. Kh2 cxb4 23. Rf2 Nc3 24. Rf3 Rac8 25. Rg3 f6 26. Re3 Qc5 27. Re6 Qxd5
28. Qxd5 Nxd5 29. Rxe8+ Rxe8 30. Rd1 Nxf4 31. Rxd6 Re2 32. Rd4 Rxg2+ 33. Kh1
Rxc2 34. Rxb4 Nd3 35. Rxb7 Rxb2 36. Ra7 Nc5 37. a5 Ra2 0-1

[Event "17. European Women's Championship 2016"]
[Site "Mamaia ROU"]
[Date "2016.06.07"]
[Round "11.33"]
[White "Cosma, Elena-Luminita"]
[Black "Dragomirescu, Angela"]
[Result "1/2-1/2"]
[WhiteElo "2333"]
[BlackElo "2215"]
[PlyCount "143"]
[EventDate "2016.05.27"]
[EventType "swiss"]
[EventRounds "11"]
[EventCountry "ROU"]
[Source "lmi"]
[SourceDate "2016.05.26"]

1. d4 d6 2. e4 Nf6 3. Nc3 e5 4. dxe5 dxe5 5. Qxd8+ Kxd8 6. Bc4 Ke8 7. Nf3 Bd6
8. Bg5 c6 9. a4 Nbd7 10. O-O h6 11. Be3 Ng4 12. Bd2 Nb6 13. Ba2 Be6 14. Bxe6
fxe6 15. Ne2 Rd8 16. Bc3 Nd7 17. h3 Ngf6 18. Ng3 g5 19. Nd2 h5 20. Rfe1 Bc7 21.
Nc4 h4 22. Nf1 g4 23. hxg4 Nxg4 24. Nfe3 Ngf6 25. f3 Ke7 26. Bb4+ Kf7 27. Bd6
Bxd6 28. Nxd6+ Kg6 29. Nxb7 Rb8 30. Na5 Rxb2 31. Nxc6 a6 32. Reb1 Rxb1+ 33.
Rxb1 Kg5 34. Kf2 Rc8 35. Na5 Nc5 36. Nac4 Nfd7 37. a5 Rf8 38. Ke2 Kf4 39. Nb6
Nb8 40. Rh1 Kg5 41. Rd1 Nc6 42. Nd7 Nxd7 43. Rxd7 h3 44. c3 hxg2 45. Rg7+ Kf6
46. Rxg2 Nxa5 47. Ng4+ Ke7 48. Nxe5 Kd6 49. Rg5 Nb7 50. Ke3 Ra8 51. Kd4 a5 52.
Nd3 a4 53. Rg2 Na5 54. c4 a3 55. c5+ Kc6 56. Ra2 Nb7 57. Ne5+ Kb5 58. c6 Nd6
59. c7 Ra4+ 60. Kc3 Ra7 61. Kb3 Rxc7 62. Rxa3 Kc5 63. Ra6 Kd4 64. Ng6 Rc3+ 65.
Kb4 Rc4+ 66. Kb3 Rc3+ 67. Ka2 Nc4 68. Nf4 Rxf3 69. Nxe6+ Kc3 70. Nc5 Rf2+ 71.
Ka1 Rf1+ 72. Ka2 1/2-1/2

[Event "17. European Women's Championship 2016"]
[Site "Mamaia ROU"]
[Date "2016.06.07"]
[Round "11.34"]
[White "Sandu, Mihaela"]
[Black "Papp, Petra"]
[Result "1/2-1/2"]
[WhiteElo "2246"]
[BlackElo "2342"]
[PlyCount "38"]
[EventDate "2016.05.27"]
[EventType "swiss"]
[EventRounds "11"]
[EventCountry "ROU"]
[Source "lmi"]
[SourceDate "2016.05.26"]

1. e4 c5 2. Nf3 d6 3. d4 cxd4 4. Nxd4 Nf6 5. Nc3 a6 6. Be2 e5 7. Nb3 Be7 8. O-O
O-O 9. Be3 Be6 10. Qd2 Nbd7 11. a4 Nb6 12. a5 Nc4 13. Bxc4 Bxc4 14. Rfd1 Rc8
15. Nc1 d5 16. Bb6 Qe8 17. Nxd5 Nxe4 18. Nxe7+ Qxe7 19. Qe3 f5 1/2-1/2